| 000 | 00355nam a2200133Ia 4500 | ||
|---|---|---|---|
| 008 | 210430s9999 xx 000 0 und d | ||
| 020 | _a9788126538683 | ||
| 082 | _a620.5 S5241N | ||
| 100 |
_aShah, M.A. _954886 |
||
| 245 |
_aNanotechnology The science of small _cShah, M.A. |
||
| 260 |
_aNew Dehli. _bWiley. _c2013 |
||
| 300 | _a183p. | ||
| 942 |
_cREF _2ddc |
||
| 999 |
_c565776 _d565776 |
||